Norwegians in Wisconsin /

Bibliographic Details
Main Author: Fapso, Richard J.
Format: Book
Language:English
Published: Madison : Wisconsin Historical Society Press, [2001]
Edition:Rev. and expanded ed.
Subjects:

MARC

Tag First Indicator Second Indicator Subfields
LEADER 00000cam a2200000 a 4500
001 in00001626921
005 20151023091336.0
008 010326s2001 wiuab b s001 0 eng
010 |a  2001020994 
020 |a 0870203347 (pbk.) 
035 |a (OCoLC)ocm46640677 
040 |a DLC  |c DLC  |d UtOrBLW 
043 |a n-us-wi 
049 |a TXAM 
050 0 0 |a F590.S2  |b F36 2001 
082 0 0 |a 977.5/0043982  |2 21 
100 1 |a Fapso, Richard J. 
245 1 0 |a Norwegians in Wisconsin /  |c Richard J. Fapso. 
250 |a Rev. and expanded ed. 
264 1 |a Madison :  |b Wisconsin Historical Society Press,  |c [2001] 
264 4 |c ©2001 
300 |a 72 pages :  |b illustrations, map ;  |c 23 cm. 
336 |a text  |b txt  |2 rdacontent 
337 |a unmediated  |b n  |2 rdamedia 
338 |a volume  |b nc  |2 rdacarrier 
504 |a Includes bibliographical references (pages 67-68) and index. 
650 0 |a Norwegian Americans  |z Wisconsin  |x History. 
651 0 |a Wisconsin  |x History. 
651 0 |a Wisconsin  |x Ethnic relations. 
945 |i PromptCat 
948 |a cataloged  |b h  |c 2001/11/12  |d c  |e mphillip  |f 10:34:07 am 
994 |a 92  |b TXA 
999 |a MARS 
999 f f |s 9e12b5ed-12c3-332e-8569-81de831dfdda  |i 1f49b1c2-2d59-3168-a03d-4d05011198f3  |t 0 
952 f f |p ric  |a Texas A&M University  |b Rellis Campus  |c Joint Library Facility  |d Remote Storage  |t 0  |e F590.S2 F36 2001  |h Library of Congress classification  |i unmediated -- volume  |m A14828275139 
998 f f |a F590.S2 F36 2001  |t 0  |l Remote Storage